| 000 | 01026nam a22002537a 4500 | ||
|---|---|---|---|
| 999 |
_c63489 _d63489 |
||
| 005 | 20240530110644.0 | ||
| 008 | 171101s2016 ua g 000 0 ara d | ||
| 017 |
_a2015/14388 _bمصر. دار الكتب |
||
| 020 | _a9789773506643 | ||
| 040 |
_aEG-CaGPL _cEG-CaGPL |
||
| 082 | 0 | 4 |
_221 _a342.03 / _bم إ |
| 100 | 0 | _aمصطفى السعداوى | |
| 245 | 1 | 2 |
_aالاصلاح التشريعى للجرائم الواقعة على الحقوق السياسية بين الواقع والامل / _cمصطفى السعداوى |
| 250 | _aط. 1 | ||
| 260 |
_aالقاهرة : _bدار الكتاب الحديث ، _c2016. |
||
| 300 |
_a450 ص. ؛ _c24 سم. |
||
| 490 | 0 | _aالموسوعة القانونية للحقوق السياسية | |
| 650 | 0 | 7 |
_2qrmak _aالحقوق السياسية |
| 650 | 0 | 7 |
_2qrmak _aالاصلاح الدستورى |
| 650 | 0 | 7 |
_2qrmak _aالحقوق السياسية _xقوانين وتشريعات |
| 651 | _2qrmak | ||
| 942 |
_2ddc _cBK |
||